000 00762nam a22002890a 4500
001 PT60940
003 AR-LpoUNG
005 20210131232019.0
008 191001s2007||||ag |||||||||||||||||spa d
020 _a9789500833929
_c$10
040 _aAR-LpoUNG
_bspa
_cAR-LpoUNG
_eaacr
041 _aspa
044 _aag
082 0 _a808.068 3 673pir
100 1 _aBoetto, Aldo
245 1 4 _aLos piratas y el tesoro de la maestra Ciruela
250 _a1ra. ed.
260 _aBuenos Aires :
_bAtlántida,
_c2007.
300 _a[32] p. :
_bil.
505 0 _aSugerido a partir de 8 años (etiqueta CELESTE)
650 4 _aCUENTOS
650 4 _aLITERATURA
653 _aLITERATURA INFANTIL
700 1 _aOlmos, José
_eil.
905 _a60940
942 _cLIB
999 _c13233
_d13233